000 00212nam a2200085 4500
999 _c522257
_d522257
100 _aRajasthan. Swayat Shasan Vibhag
_99908
245 _aAnnual report, 2022-23
260 _aJaipur
_bThe author
_c2023
300 _a81p.